书目信息 |
| 题名: |
五声性调式及和声手法
|
|
| 作者: | 张肖虎 著 | |
| 分册: | ||
| 出版信息: | 北京 人民音乐出版社 1987.12 |
|
| 页数: | 238页 | |
| 开本: | 21cm | |
| 丛书名: | ||
| 单 册: | ||
| 中图分类: | J614.1 | |
| 科图分类: | ||
| 主题词: | 音乐--技术--理论 , 音乐--技术--方法 | |
| 电子资源: | ||
| ISBN: | 7-103-00707-1 | |
| 000 | 00605nam0 2200205 45 | |
| 001 | 0405170885 | |
| 005 | 20040517090018.8 | |
| 010 | @a7-103-00707-1@dCNY10.40 | |
| 100 | @a20040517d1987 km y0chiy0120 ea | |
| 101 | 0 | @achi |
| 105 | @a z 000yy | |
| 200 | 1 | @a五声性调式及和声手法@AWu Sheng Xing Tiao Shi Ji He Sheng Shou Fa@f张肖虎著@FZhang Xiao Hu Zhu |
| 210 | @a北京@c人民音乐出版社@d1987.12 | |
| 215 | @a238页@d21cm | |
| 606 | 0 | @a音乐@x技术@x理论 |
| 606 | 0 | @a音乐@x技术@x方法 |
| 690 | @aJ614.1@v3 | |
| 701 | 0 | @a张肖虎@4著 |
| 801 | @aCN@bPftUser@c20040517 | |
| 905 | @f2@b275232-233@dJ614.1@e131 | |
| 五声性调式及和声手法/张肖虎著.-北京:人民音乐出版社,1987.12 |
| 238页;21cm |
| ISBN 7-103-00707-1:CNY10.40 |
| ● |
| 相关链接 |
|
|
|
|
正题名:五声性调式及和声手法
索取号:J614.1/131
 
预约/预借
| 序号 | 登录号 | 条形码 | 馆藏地/架位号 | 状态 | 备注 |
| 1 | 0275232 | 001208954 | 第一借阅区/ [索取号:J614.1/131] | 在馆 | |
| 2 | 0275233 | 001208963 | 密集书库/ [索取号:J614.1/131] | 在馆 | |
| 3 | 0275234 | 001208856 | 第一样本阅览室/ [索取号:J614.1/131] | 在馆 |